Capitales de Europa por Población - Estadísticas

Estadísticas generales
  • Esta prueba ha sido intentada 194 veces
  • La puntuación promedio es 32 de 45
Estadísticas de respuestas
Población Capital % Correcto
13,010,112 Moscú
97%
3,677,472 Berlín
96%
3,277,451 Madrid
95%
8,776,535 Londres
94%
2,748,109 Roma
89%
2,952,301 Kiev
84%
2,145,906 París
84%
1,860,281 Varsovia
84%
3,168,846 Atenas
83%
1,982,097 Viena
82%
1,716,961 Bucarest
81%
1,752,286 Budapest
80%
709,037 Oslo
77%
663,592 Zagreb
77%
1,301,432 Praga
74%
1,345,562 Copenhague
72%
984,748 Estocolmo
72%
664,028 Helsinki
72%
545,796 Lisboa
72%
19,659 Andorra la Vieja
70%
1,263,219 Dublín
70%
1,995,471 Minsk
70%
602,481 Tallin
70%
620,974 Riga
69%
1,114,745 Ámsterdam
68%
453 Ciudad del Vaticano
68%
1,197,714 Belgrado
67%
4,061 San Marino
67%
1,183,454 Sofía
67%
546,155 Vilna
66%
418,495 Tirana
65%
5,747 Vaduz
65%
37,308 Mónaco
64%
476,922 Bratislava
60%
348,363 Sarajevo
60%
5,157 La Valeta
59%
284,293 Liubliana
57%
128,494 Luxemburgo
57%
242,995 Reikiavik
57%
422,540 Skopie
57%
188,737 Bruselas
55%
532,513 Chișinău
55%
145,149 Pristina
55%
203,981 Podgorica
54%
134,441 Berna
53%
No se encontraron pruebas coincidentes
Distribución de puntuación
Porcentaje de gente con cada puntuación
Porcentaje por número respondido
Historial de tus puntuaciones
No has intentado esta prueba.